000 00495nam a2200193 a 4500
001 1764569516616
003 ACL
005 20251201115637.0
008 251201s1948##################000#0#eng##
020 _a9780070667358
082 0 4 _a624.17
_bPAN
100 1 _aUspensky, James Victor,
_eauthor.
245 1 0 _aTheory of Equations :
260 _bTata McGraw-Hill Education,
_c1948.
300 _a376 pages
650 0 _aEquations, Theory of.
942 _cENGLISH
040 _aACL
_beng
_cACL
999 _c599594
_d599594